Historia de la Universidad de Chile.

Guardat en:
Dades bibliogràfiques
Autor principal: Mellafe Rojas, Rolando Bernardo (autor)
Altres autors: Rebolledo, Antonia (autora), Cárdenas, Mario (autor)
Format: Llibre
Idioma:espanyol
Publicat: Santiago, Chile: Ediciones de la Universidad de Chile, 1992.
Matèries:
Etiquetes: Afegir etiqueta
Sense etiquetes, Sigues el primer a etiquetar aquest registre!

MARC

LEADER 00000nam a2200000 a 4500
001 UCP3524
003 CL-VaPUC
005 20220822114340.0
008 990625e19920000CL |||||||||||||||||spa|d
999 |c 281834  |d 281832 
020 |a 19-0180-3 
040 |c Pontificia Universidad Católica de Valparaíso 
082 0 4 |a 378.83 MEL 1992  |2 21 
100 |a Mellafe Rojas, Rolando Bernardo  |e autor  |9 617190 
245 1 0 |a Historia de la Universidad de Chile. 
260 |a Santiago, Chile:  |b Ediciones de la Universidad de Chile,  |c 1992. 
300 |a 321 páginas.  
500 |a c.2 Donación Familia Prof. Alejandro Guzmán Brito. 
583 |a last modification  |c 19990625 00:00:00  |k Rodrigo Vera 
610 |a Universidad de Chile  |9 866285 
650 0 |a Educación superior   |9 223851  |x Historia  |z Chile 
700 0 |a Rebolledo, Antonia  |e autora  |9 430883 
700 0 |a Cárdenas, Mario  |e autor  |9 430884 
942 |c BK  |2 ddc  |n 0 
945 |d 19990625 00:00:00  |a vberengu 
952 |0 0  |1 0  |4 0  |6 378_830000000000000_MEL_1992  |7 0  |8 P  |9 322833  |a BIBDER  |b BIBDER  |d 2019-11-20  |i 3529355  |o 378.83 MEL 1992  |p 3529355  |r 2023-01-25  |w 2019-11-20  |y BK  |k DER